000 00793nam a2200253Ia 4500
008
020 _a0721686745X (hbk.)
049 _aMAIN
090 _aRM101
_bCON
245 0 0 _aConn's current therapy, 1997 :
_blatest approved methods of treatment for the practicing physician /
_cedited by Robert E. Rakel.
260 _aPhiladelphia :
_bW.B. Saunders,
_c1997.
300 _axxxiv, 1315 p. :
_bill. ;
_c29 cm.
500 _aIncludes index.
650 _aMedicine-practice.
650 0 _aMedicine
_xPractice.
650 0 _aTherapeutics.
650 0 _aTherapeutics, Surgical.
700 1 _aRakel, Robert E.
907 _a.b10289768
_b13-07-12
_c19-01-11
003
005 20230120204046.0
040 _cNUST
942 _cBOOKS
_kRM101
_mCON
999 _c116382
_d116382